000 00818nam a2200241 a 4500
005 20130404121459.0
008 070814s2007 ii 001 0 eng
010 _aENG-91542
020 _a9788178298696
_c495.00
035 _aEN-75075
037 _bDBAD / PUB
040 _adpl
_bEnglish
082 _a371.100820954
245 _aWomen teaching in South Asia /
_cedited by Jackie Kirk
260 _aNew Delhi
_bSage Publications
_c2008
270 _aB-1/I-1, Mohan Cooperative Industrial Area, Mathura Road,
_bNew Delhi
_e110044
300 _axiii, 241p.:
_c23 cm (Hb)
_bb&w photos
500 _aIncludes index
520 _aContributed articles chiefly with reference to India.
650 _aWomen teachers
_zAsia
700 _aKirk, Jackie
942 _2ddc
_cEN
_mWOM
_h371.100820954
999 _c18131
_d18131